000
00337 a2200157 4500
001
190058
020
_a
85-326-1571-6
040
_c
Magnum
100
_a
Andrade, Lúcia
240
1
0
_a
Oficinas ecológicas
_l
por
245
1
0
_a
Oficinas ecológicas
300
_a
132
362
0
_a
1996
697
_a
EDUCAÇÃO AMBIENTAL
942
_c
BK
999
_c
190058
_d
190058